[Event "Mittelfrankenliga-B2b 0506"]
[Site "Germany"]
[Date "2006.01.29"]
[Round "5.8"]
[White "Blank, Helmut"]
[Black "Block, Bernhard"]
[Result "1-0"]
[WhiteElo "1969"]
[BlackElo "1587"]
[PlyCount "75"]
[EventDate "2005.10.16"]
[EventType "team"]
[EventRounds "9"]
[EventCountry "GER"]
[SourceTitle "EXT 2007"]
[Source "ChessBase"]
[SourceDate "2006.11.23"]
[SourceVersion "1"]
[SourceVersionDate "2006.11.23"]
[SourceQuality "1"]

1. e4 e6 2. d4 d5 3. Nd2 c5 4. exd5 Qxd5 5. Ngf3 Nf6 6. Bc4 Qh5 7. 0-0 cxd4 8. Nb3 Nc6 9. Nbxd4 Nxd4 10. Qxd4 Bc5 11. Bb5+ Ke7 12. Qa4 Rd8 13. Bf4 Bd7 14. Bxd7 Rxd7 15. c4 Rad8 16. b4 Bd4 17. Rac1 Qf5 18. Bg3 Qe4 19. c5 a6 20. Rfe1 Qc6 21. Bd6+ Ke8 22. Qxc6 bxc6 23. Nxd4 Rc8 24. f4 Nd5 25. f5 Nxb4 26. fxe6 fxe6 27. Rxe6+ Kf7 28. Rf1+ Kg8 29. a3 Nd5 30. Nxc6 Rf7 31. Ne7+ Nxe7 32. Rxf7 Kxf7 33. Rxe7+ Kg6 34. g3 Kf6 35. Kg2 h6 36. Kf3 g6 37. Ke4 h5 38. Kd5 1-0

[Event "Mittelfranken-chT 0405"]
[Site "Germany"]
[Date "2005.01.23"]
[Round "5.5"]
[White "Blank, Helmut"]
[Black "Vogel, Oskar"]
[Result "0-1"]
[WhiteElo "2019"]
[BlackElo "1822"]
[PlyCount "98"]
[EventDate "2004.10.17"]
[EventType "team"]
[EventRounds "9"]
[EventCountry "GER"]
[SourceTitle "EXT 2007"]
[Source "ChessBase"]
[SourceDate "2006.11.23"]
[SourceVersion "1"]
[SourceVersionDate "2006.11.23"]
[SourceQuality "1"]

1. e4 c5 2. c3 d5 3. exd5 Qxd5 4. d4 Nf6 5. Nf3 Nc6 6. Be2 cxd4 7. cxd4 e6 8. Nc3 Bb4 9. 0-0 Qa5 10. Bd2 0-0 11. a3 Be7 12. b4 Qd8 13. Bg5 Nd5 14. Bxe7 Ncxe7 15. Nxd5 Nxd5 16. Qd2 b6 17. Ne5 Bb7 18. Bf3 Rc8 19. Rac1 Qe8 20. Qb2 f6 21. Rxc8 Bxc8 22. Ng4 Qd7 23. Ne3 Bb7 24. Rc1 Rc8 25. Rxc8+ Qxc8 26. Qc2 Qxc2 27. Nxc2 Kf7 28. Kf1 Ke7 29. Ke1 Bc6 30. Kd2 Kd6 31. g3 Nxb4 32. Bxc6 Nxc6 33. Kd3 h5 34. Ne3 b5 35. f3 g5 36. h4 Ne7 37. g4 gxh4 38. gxh5 h3 39. Ng4 Nf5 40. Nxf6 h2 41. Ne4+ Kd5 42. Nf2 a5 43. Kc3 Nh6 44. Kd3 e5 45. dxe5 Kxe5 46. Ke3 b4 47. axb4 axb4 48. f4+ Kf5 49. Kf3 b3 0-1

[Event "Regionalliga NO 0001"]
[Site "Bayern"]
[Date "2000.12.10"]
[Round "3.7"]
[White "Blank, Helmut"]
[Black "Birkmann, Guenther"]
[Result "1/2-1/2"]
[WhiteElo "2000"]
[BlackElo "1980"]
[PlyCount "50"]
[EventDate "2000.10.15"]
[EventType "team-tourn"]
[EventRounds "9"]
[EventCountry "GER"]
[SourceTitle "EXT 2020"]
[Source "ChessBase"]
[SourceDate "2019.10.17"]
[SourceVersion "1"]
[SourceVersionDate "2019.10.17"]
[SourceQuality "1"]
[WhiteTeam "Nuernberg Noris Tarrasch II"]
[BlackTeam "Zirndorf II"]
[WhiteTeamCountry "GER"]
[BlackTeamCountry "GER"]

1. e4 c5 2. c3 e6 3. d4 b6 4. Nf3 Bb7 5. Bd3 Nf6 6. Qe2 d6 7. 0-0 Be7 8. Bf4 Nbd7 9. h3 a6 10. Nbd2 cxd4 11. cxd4 b5 12. Rac1 0-0 13. a3 Rc8 14. g4 Nb6 15. Nb3 Nc4 16. Rc2 d5 17. e5 Ne4 18. Nbd2 Nexd2 19. Bxd2 a5 20. Rfc1 Qb6 21. Qe1 Ra8 22. Ra1 b4 23. axb4 Nxd2 24. Qxd2 Bxb4 25. Qe2 Ba6 1/2-1/2